The watcher / (Record no. 2696)

MARC details
000 -LEADER
fixed length control field 00948cam a2200289 a 4500
001 - CONTROL NUMBER
control field 2696
003 - CONTROL NUMBER IDENTIFIER
control field FISKH
005 - DATE AND TIME OF LATEST TRANSACTION
control field 20240110101224.0
008 - FIXED-LENGTH DATA ELEMENTS--GENERAL INFORMATION
fixed length control field 960827s1997 nyu j 000 1 eng
010 ## - LIBRARY OF CONGRESS CONTROL NUMBER
LC control number 96043045
020 ## - INTERNATIONAL STANDARD BOOK NUMBER
International Standard Book Number 0689801866
040 ## - CATALOGING SOURCE
Original cataloging agency DLC
Transcribing agency DLC
Modifying agency DLC
Language of cataloging eng
042 ## - AUTHENTICATION CODE
Authentication code lcac
050 00 - LIBRARY OF CONGRESS CALL NUMBER
Classification number PZ7.H83727
Item number Wat 1997
082 00 - DEWEY DECIMAL CLASSIFICATION NUMBER
Classification number [Fic]
Edition number 20
100 1# - MAIN ENTRY--PERSONAL NAME
Personal name Howe, James, 1946-
245 14 - TITLE STATEMENT
Title The watcher /
Statement of responsibility, etc. James Howe
250 ## - EDITION STATEMENT
Edition statement This edition publish in 2011
260 ## - PUBLICATION, DISTRIBUTION, ETC.
Place of publication, distribution, etc. New York :
Name of publisher, distributor, etc. Aladdin Paperback,
Date of publication, distribution, etc. 1997
300 ## - PHYSICAL DESCRIPTION
Extent 174 pages :
Dimensions 18 cm
520 ## - SUMMARY, ETC.
Summary, etc. As she sits watching a seemingly perfect family and a handsome lifeguard on the beach, a lonely, troubled girl projects herself into the fantasy lives she has created for them.
650 #1 - SUBJECT ADDED ENTRY--TOPICAL TERM
Topical term or geographic name entry element Family problems
General subdivision Fiction.
650 #1 - SUBJECT ADDED ENTRY--TOPICAL TERM
Topical term or geographic name entry element Child abuse
General subdivision Fiction.
650 #1 - SUBJECT ADDED ENTRY--TOPICAL TERM
Topical term or geographic name entry element Beaches
General subdivision Fiction.
906 ## - LOCAL DATA ELEMENT F, LDF (RLIN)
a 7
b cbc
c orignew
d 1
e ocip
f 19
g y-gencatlg
942 ## - ADDED ENTRY ELEMENTS (KOHA)
Source of classification or shelving scheme Dewey Decimal Classification
Koha item type Books
Suppress in OPAC No
Holdings
Withdrawn status Lost status Source of classification or shelving scheme Damaged status Not for loan Collection Home library Current library Shelving location Date acquired Total Checkouts Full call number Barcode Date last seen Price effective from Koha item type
    Dewey Decimal Classification     Fiction Footprints International School Library Network Toul Kork Campus Footprints International School Library Network Toul Kork Campus   01/10/2024   HOW Fic PZ7.H83727 FIS00912 01/10/2024 01/10/2024 Books